| 000 | 01398nam a2200265 a 4500 | ||
|---|---|---|---|
| 999 |
_c1465 _d1465 |
||
| 001 | 1153898 | ||
| 003 | CoMeUDC | ||
| 005 | 20211109153850.0 | ||
| 008 | 090128s2008 ck gr 00010 spa d | ||
| 015 | _ack-2008-xxxx | ||
| 020 | _z9588336091 | ||
| 040 |
_aCO-BoBLA _bspa _cCO-UdeC |
||
| 082 | 0 | 4 |
_a345.31 _bR616 |
| 100 | 1 | _aRivadeneira Bermudez, Rosember Emilio. | |
| 245 | 1 | 0 |
_aManual de derecho probatorio administrativo / _cRosember Emilio Rivadeneira Bermudez. |
| 250 | _aEdición 2008 | ||
| 260 | 3 |
_aMedellín : _bLibrería Jurídica Sánchez R., _c2008. |
|
| 300 |
_a315 p. ; _c24 cm. |
||
| 504 | _aIncluye bibliografía | ||
| 505 | 2 | _aLas pruebas en derecho administrativo -- Principios del derecho probatorio -- Clasificación de las pruebas -- Elementos estructurales de la prueba -- Requisitos generales de las pruebas -- La carga de la prueba -- Pruebas trasladadas -- Sistemas de valoración probatoria -- Medios de pruebas consagrados en la ley -- La prueba pericial -- La inspección judicial -- Prueba documental -- Incorporación de los documentos al proceso -- Reconocimiento de documentos -- Exhibición de documentos -- Tacha de falsedad del documento -- Declaración de terceros -- Confesión -- Indicios -- Presunciones -- Juramento. | |
| 650 | _aDerecho administrativo | ||
| 650 | 4 | _aDerecho probatorio | |
| 650 | 0 |
_aPrueba (Derecho) _9893 |
|
| 942 |
_2ddc _cBK |
||